| 000 | 01452ngm a22003250a 4500 | ||
|---|---|---|---|
| 001 | PT16756 | ||
| 003 | AR-LpoUNG | ||
| 005 | 20210202000241.0 | ||
| 007 | vd cvaizq | ||
| 008 | 191001s1987||||ag |||||||||||||||||eng d | ||
| 037 | _c$8.30 | ||
| 040 |
_aAR-LpoUNG _bspa _cAR-LpoUNG _eaacr |
||
| 041 |
_aeng _aspa |
||
| 044 | _aag | ||
| 082 | 0 | _a280.4 969fie | |
| 100 | 1 |
_aAxel, Gabriel _edir. |
|
| 245 | 1 | 3 | _aLa fiesta de Babette |
| 260 |
_aSan Luis : _bAVH, _c[1987]. |
||
| 300 | _aVHS (98 min.) : son., col. | ||
| 505 | 0 | _aDiálogos en inglés, subtítulos en castellano | |
| 520 | _aEn la Dinamarca del siglo XIX, dos hermanas deciden quedarse con su padre para ayudarlo en las labores de la iglesia, una pequeña parroquia protestante con aspectos de secta personal. Un día, aparece en la familia Babette, una mujer católica quien les implora para quedarse con ellos a cambio de trabajar de cocinera y ama de llaves. Luego de años de servicios, el padre de las hermanas muere, y quedan al cuidado de Babette. Sin embargo, para celebrar el aniversario Nº100 del nacimiento del padre, deciden hacer un festín. Babette pide encargarse de todo, ante lo cual las muchachas dudan, debido ala condición católica de la anciana ama de llaves. | ||
| 650 | 4 | _aCATOLICOS | |
| 650 | 4 | _aPRACTICA RELIGIOSA | |
| 650 | 4 | _aPROTESTANTES | |
| 650 | 4 | _aRELIGION | |
| 651 | 4 | _aDinamarca | |
| 653 | _aVIDEOS | ||
| 905 | _a16756 | ||
| 942 | _cVIDEO | ||
| 999 |
_c54453 _d54453 |
||